Normal view
MARC view
Entry Personal Name
001 - CONTROL NUMBER
- control field: 3467
003 - CONTROL NUMBER IDENTIFIER
- control field: ARRUPE
005 - DATE AND TIME OF LATEST TRANSACTION
- control field: 20131107131436.0
008 - FIXED-LENGTH DATA ELEMENTS
- fixed length control field: 131107|| aca||aabn | a|a d
040 ## - CATALOGING SOURCE
- Original cataloging agency: ARRUPE
- Transcribing agency: ARRUPE
100 ## - HEADING--PERSONAL NAME
- Personal name: Agbasiere, Joseph Thérèse,
- Dates associated with a name: 1929-1998.
670 ## - SOURCE DATA FOUND
- Source citation: Work cat.: (ARRUPE)0: Agbasiere, Joseph Thérèse, 1929-1998., Women in Igbo life and thought /, 2000.